British Celebrities by Picture #1 - Statistics

General Stats
  • This quiz has been taken 434 times
  • The average score is 13 of 20
Answer Stats
Picture Answer % Correct
Ed Sheeran
95%
Adele
94%
Elton John
93%
Emma Watson
91%
Benedict Cumberbatch
85%
Rowan Atkinson
83%
Boris Johnson
82%
Lewis Hamilton
75%
Helena Bonham Carter
70%
Maggie Smith
67%
David Attenborough
61%
Jeremy Clarkson
59%
Henry Cavill
56%
Emily Blunt
53%
Helen Mirren
51%
Emma Thompson
49%
Stephen Fry
49%
Naomi Campbell
39%
Nigella Lawson
32%
Gabby Logan
26%
No matching quizzes found
Score Distribution
Percent of People with Each Score
Percentile by Number Answered
Your Score History
You have not taken this quiz